| 000 | 01527nam a22003857a 4500 | ||
|---|---|---|---|
| 001 | 400 | ||
| 003 | FISKH | ||
| 005 | 20240228143522.0 | ||
| 008 | 230407b cb ||||| |||| 00| 0 eng d | ||
| 020 | _a9781405266178 | ||
| 035 | _a(OCoLC)ocm61852142 | ||
| 040 |
_aUBY _cUBY _dBKX _dBAKER _dMNL _dVP@ _dXY4 _dDLC _dFISKH _beng |
||
| 042 |
_apcc _alcac |
||
| 050 | 0 | 0 |
_aPZ7.S6795 _bPe 2005 |
| 082 | 0 | 0 |
_a813.6 _222 |
| 100 | 1 | _aSnicket, Lemony. | |
| 245 | 1 | 4 |
_aThe penultimate peril / _cby Lemony Snicket ; illustrations by Brett Helquist. |
| 250 | _a1st ed. | ||
| 260 |
_aNew York : _bHarperCollins, _c2005. |
||
| 300 |
_a353 pages. : _billustrations, _c19 cm. |
||
| 490 | 1 |
_aA series of unfortunate events ; _vbk. 12 |
|
| 520 | _aIn this next-to-last chronicle of the lives of the Baudelaire orphans, the siblings pose as concierges at the Hotel Denouement to learn the identities and intentions of certain enemies, encounter characters from their past adventures, and ponder the nature of nobility and villainy. | ||
| 521 | 8 |
_a1150
_bLexile NC |
|
| 650 | 1 |
_aOrphans _vFiction. |
|
| 650 | 1 |
_aSiblings _vFiction. |
|
| 650 | 1 |
_aHotels, motels, etc. _vFiction. |
|
| 650 | 1 |
_aDisguise _vFiction. |
|
| 650 | 1 |
_aGood and evil _vFiction. |
|
| 650 | 1 | _aHumorous stories. | |
| 700 | 1 |
_aHelquist, Brett, _eill. |
|
| 800 | 1 |
_aSnicket, Lemony. _tSeries of unfortunate events ; _vbk. 12. |
|
| 906 |
_a7 _bcbc _cpccadap _d2 _encip _f20 _gy-gencatlg |
||
| 942 |
_2ddc _cBK _n0 |
||
| 999 |
_c400 _d400 |
||